000 00672cab a2200229 4500
001 ABS43307
008 090401t1990 xxu||||| |||| 00| 0 eng d
035 _a(Sirsi) u41291
041 _aeng
100 _aChevin, D.
245 _aDaylightful designs
260 _c1990
350 _a0
490 _aBuilding
_v255(7664) 14 September 1990, 84-85(2)
520 _aArgues that building design should provide for more natural light ing and examines ways in which this can be achieved.
650 _aBlock management
_96220
650 _aDAYLIGHTING
650 _aLIGHTING
690 _aBUILT ENVIRONMENT-CONSTRUCTION DESIGN
942 _n0
948 _c04/03/1997
999 _c26537
_d26537